00809nam a2200229Ii 450000100060000000300090000600800410001502000150005604000330007104100080010408200170011210000380012924500620016726400490022930000120027833600260029033700280031633800270034494000520037199900170042395201390044019253CO-ViMGA241108s9999||||xx |||||||||||||| ||und|| a9583356301 aCO-ViMGAbspaerdacCO-ViMGA0 aspa04a616.462 S43h1 aIván Dario. Sierra Ariza94810410aHacia el manejo práctico de la Diabetes Mellitus tipo 2 1aBogotá, Colombia : Editorial Kimpres, 2003 avolumen atextbtxt2rdacontent aunmediatedbn2rdamedia avolumebnc2rdacarrier aidficha_siabuc: 18910. -- ficha_no_siabuc:19253 c42742d42742 001040708001aMEVIGERRbMEVIGERRcGENd2017-02-16o616.462 S43hpECA24910r2024-11-26 09:06:42tEj.1w2024-11-26yBKz18910 | 24113